| 000 | 00401nam a2200145Ia 4500 | ||
|---|---|---|---|
| 008 | 231129s1976||||xx |||||||||||||| ||spa|| | ||
| 020 | _a84-226-0755-7 | ||
| 040 | _bspa | ||
| 082 | _aR 745.4 C754g | ||
| 100 | _aConran Terence | ||
| 245 | 0 | _aGran libro de la decoracion | |
| 260 | _c1976 | ||
| 264 | _aCirculo de Lectores ; Ediciones Nauta | ||
| 942 |
_2ddc _cBKS |
||
| 999 |
_c14615 _d14615 |
||